000 00747nam a2200217Ia 4500
008 220501s2014 xx 000 0 eng d
020 _a9789353167103
082 _a658.4032 HIL-I
100 _aHillier, Frederick S
245 0 _aIntroduction to management science :
_ba modeling and case studies approach with spreadsheets /
_cFrederick S. Hillier, Mark S. Hillier, Karl Schmedders and Molly Stephens
250 _a5th ed.
260 _aChennai :
_bMcGraw Hill,
_c2014.
300 _axx, 618 p. ;
650 _aElectronic spreadsheets
650 _aManagement science
650 _aOperations research - Data processing
700 _aHillier, Mark S
700 _aSchmedders, Karl
700 _aStephens, Molly
942 _2ddc
_cREF
_012
999 _c18462
_d18462